Fisiología general y comparada /

Guardado en:
Autor Principal: Hoar, William S.
Formato: Libro
Publicado: Barcelona : Omega, 1978
Materias:
Etiquetas: Agregar Etiqueta
Sin Etiquetas, Sea el primero en etiquetar este registro!
LEADER 01412nam a22001935a 4500
001 CEM.cems017675
005 20110831111645.0
008 130507s1978##################000#0#####d
003 CEMS
020 |a 8428203229 
082 0 4 |a 571.1 
100 1 |a Hoar, William S. 
245 1 0 |a Fisiología general y comparada /  |c William S. Hoar 
260 |a Barcelona :  |b Omega,  |c 1978 
300 |a 855 p. 
505 0 |a Las fuentes de energía y su distribución -- El origen de los animales y su ambiente -- Mecanismos reguladores -- Nutrición -- Intercambio de gases -- El medio interno fluido y su circulación -- Los fuidos vasculares -- La transformación de la energía -- Excreción -- Relaciones ambientales -- Compensaciones fisiológicas de las variaciones ambientales -- Temperatura -- Equilibrio iónico y osmótico -- El medio gaseoso -- Presión y flotabilidad -- Luz -- Integración nerviosa y actividad animal -- Irritabilidad -- Mecanismos receptores -- Recepción de estímulos químicos, mecánicos y térmicos -- Fotorrecepción -- Organos efectores y fisiología del movimiento -- Descargas eléctricas, producción de la luz y cambios de color -- Integración nerviosa -- Reproducción y desarrollo -- Reproducción -- Regulación endocrina de la reproducción -- Crecimiento y desarrollo 
653 |a Fisiología 
653 |a Fisiología animal 
859 |a CEMS  |b BIB. CEMS - Agricultura  |h 571.1  |i H651  |p A1419.11  |t Ej.1